|
|
|
|
| LEADER |
00000cam a22000002c 4500 |
| 001 |
1866599119 |
| 003 |
DE-627 |
| 005 |
20250122054907.0 |
| 007 |
cr uuu---uuuuu |
| 008 |
231020s2012 xx |||||o 00| ||eng c |
| 035 |
|
|
|a (DE-627)1866599119
|
| 035 |
|
|
|a (DE-599)KXP1866599119
|
| 040 |
|
|
|a DE-627
|b ger
|c DE-627
|e rda
|
| 041 |
|
|
|a eng
|
| 084 |
|
|
|a 2,1
|2 ssgn
|
| 100 |
1 |
|
|a Lutya, Thozama Mandisa
|e VerfasserIn
|4 aut
|
| 245 |
1 |
4 |
|a The Importance of a Stable Home and Family Environment in the Prevention of Youth Offending in South Africa
|
| 264 |
|
1 |
|c 2012
|
| 336 |
|
|
|a Text
|b txt
|2 rdacontent
|
| 337 |
|
|
|a Computermedien
|b c
|2 rdamedia
|
| 338 |
|
|
|a Online-Ressource
|b cr
|2 rdacarrier
|
| 520 |
|
|
|a Abstract: The importance of a stable home and family environment in the prevention of youth offending in South Africa. This paper aims to present a strategy to prevent youth offending in South Africa. The strategy is motivated by research findings obtained from the study titled "Home and family circumstances of young offenders: A social worker's view" in 2007. The findings of this study revealed that socio-economic factors; inept parenting and socialisation practices; exposure to inter-parental violence; sibling criminality; negative parent-child relationship; parental response to deviant behaviour of the child as well as the lack of parental interest in the rehabilitation programmes offered to their offending children increases the likelihood of a child partaking in criminal activities. This paper argues that in order to prevent youth offending South Africa should consider the importance of a stable home and family environment in the prevention of youth offending. Firstly, family planning is important. Secondly, parental involvement in a child's activities is vital to ensure proper supervision and monitoring. Thirdly, in the absence of adequate parenting skills, efficacy and management parenting programmes could help parents learn a conforming manner of rearing their children. Lastly, once they have been caught committing a crime parents ought to take centre stage to ensure that the child's behavioural transformation takes place
|
| 856 |
4 |
0 |
|u https://core.ac.uk/download/493035905.pdf
|x Verlag
|z kostenfrei
|3 Volltext
|7 0
|
| 935 |
|
|
|a mkri
|
| 951 |
|
|
|a BO
|
| ELC |
|
|
|a 1
|
| LOK |
|
|
|0 000 xxxxxcx a22 zn 4500
|
| LOK |
|
|
|0 001 4394235707
|
| LOK |
|
|
|0 003 DE-627
|
| LOK |
|
|
|0 004 1866599119
|
| LOK |
|
|
|0 005 20231020043652
|
| LOK |
|
|
|0 008 231020||||||||||||||||ger|||||||
|
| LOK |
|
|
|0 035
|a (DE-2619)CORE11590294
|
| LOK |
|
|
|0 040
|a DE-2619
|c DE-627
|d DE-2619
|
| LOK |
|
|
|0 092
|o n
|
| LOK |
|
|
|0 852
|a DE-2619
|
| LOK |
|
|
|0 852 1
|9 00
|
| LOK |
|
|
|0 935
|a core
|
| LOK |
|
|
|0 939
|a 20-10-23
|b l01
|
| OAS |
|
|
|a 1
|
| ORI |
|
|
|a SA-MARC-krimdoka001.raw
|